Biodegradovateľné polymérne materiály typu polyhydroxybutyrát/zmäkčovadlo diplomová práca

Guardado en:
Detalles Bibliográficos
Autor principal: Macúrik, Patrik
Formato: Libro
Lenguaje:eslovaco
Publicado: Bratislava STU FCHPT 2018
Acceso en línea:Ver en el OPAC
Etiquetas: Agregar Etiqueta
Sin Etiquetas, Sea el primero en etiquetar este registro!

MARC

LEADER 00000nam a2200000 a 4500
005 20260127134001.0
008 180810 2018 xo a 001 0 slo d
035 |a vtls011771678 
039 9 |a 201808101316  |b mschk03  |y 201808100932  |z mschk03 
040 |a STUSCHK1  |b slo  |c STUSCHK1  |e AACR2 
100 1 |a Macúrik, Patrik 
245 1 |a Biodegradovateľné polymérne materiály typu polyhydroxybutyrát/zmäkčovadlo  |b diplomová práca  |c Patrik Macúrik 
260 |a Bratislava  |b STU FCHPT  |c 2018 
300 |a 77 s.  |b il.  |c 25 cm 
500 |a Študijný program: prírodné a syntetické polyméry 
500 |a Študijný odbor: chemické technológie 
500 |a Školiace pracovisko: Oddelenie plastov, kaučuku a vlákien 
500 |a Evid. číslo: FCHPT-13576-52824 
910 |a SCHK95 
999 |c 1486  |d 1486